Sequoia National Forest, Calif.

Bibliographic Details
Corporate Author: United States. Forest Service
Format: Government Document eBook
Language:English
Published: [Place of publication not identified] : [publisher not identified], 1927.
Subjects:
Online Access:Connect to the full text of this electronic document

MARC

Tag First Indicator Second Indicator Subfields
LEADER 00000cam a22000001a 4500
001 in00003789286
005 20190408184538.0
006 m o d f
007 cr bn mmmapmmp
008 040322s1927 xx o f000 0 eng d
035 |a ebd1910508899 
040 |a UMI  |c UMI  |d UtOrBLW 
086 0 |a A 13.13:Se 6/927 
099 |a A13.13-121 
245 0 0 |a Sequoia National Forest, Calif. 
264 1 |a [Place of publication not identified] :  |b [publisher not identified],  |c 1927. 
300 |a 1 online resource (21 pages) 
336 |a text  |b txt  |2 rdacontent 
337 |a computer  |b c  |2 rdamedia 
338 |a online resource  |b cr  |2 rdacarrier 
500 |a [on resources and recreational opportunities]. 
500 |a Record is based on bibliographic data in ProQuest U.S. Executive Branch Documents, 1910-1932. Reuse except for individual research requires license from ProQuest, LLC. 
533 |a Electronic reproduction.  |b [Bethesda, Md.] :  |c ProQuest,  |d 2012.  |e digital, PDF file.  |n ProQuest U.S. Executive Branch Documents, 1910-1932.  |n Mode of access: World Wide Web via ProQuest website. 
538 |a System requirements: PDF reader software. 
500 |a Electronic resource. 
650 0 |a Maps.  |0 http://id.loc.gov/authorities/names/n50027623 
651 0 |a Sequoia National Forest (Calif.)  |0 http://id.loc.gov/authorities/subjects/sh92004118 
655 7 |a Electronic books.  |2 local 
710 1 |a United States.  |b Forest Service.  |0 http://id.loc.gov/authorities/names/n79054932 
776 1 8 |i Microfiche version:  |t Sequoia National Forest, Calif.  |o CIS US Exec MF A13.13-121  |w (ProQuest)cis19155821 
856 4 0 |u http://proxy.library.tamu.edu/login?url=http://congressional.proquest.com/congressional/docview/t66.d71.a13.13-121  |z Connect to the full text of this electronic document  |t 0 
999 f f |s 90c47e9d-86cf-3a4e-afb3-17bf51fa38ea  |i edb0de27-ae1b-3750-b981-f533be042afa  |t 0 
952 f f |a Texas A&M University  |b College Station  |c Electronic Resources  |d Available Online  |t 0  |h No information provided 
998 f f |t 0  |l Available Online